Drum & Bass artist or other ? - Statistics

General Stats
  • This quiz has been taken 38 times
  • The average score is 5 of 13
Answers on the Grid
Answers color-coded by a green-red scale on the quiz's grid according to % correct below.
Blanke
Sub Focus
Pinks
Sara Landry
Sullivan King
Koven
REZZ
Burial
Maduk
TS7
Winslow
Shlomo
REAPER
Chime
Culture Shock
MrKool Trix
The Caracal Project
Hiraeth
SOPHIE
Flava D
Jessica Auddifred
Clarx
Makoto
Patricia Taxxon
Phace
Fable
Burr Oak
 
Answer Stats
Answer % Correct
He is very well-known for his famous tunes such as "Solar System", "Desire" (with Dimension), "Air I Breathe" (with Wilkinson) "You Better Make It" (with Culture Shock and TC). Sub Focus
79%
Katie Boyle & Max Rowat (the members of Koven) are very well-known in the DnB scene for producing cinematic bass music. Some of their tunes are "All for Nothing", "Followers" "Butterfly Effect", "Change", "Turning Point" or even "Worlds Collide". Koven
63%
Don't be fooled ! It's not about the ska punk band I'm talking about. Despite his rare collabs with other DJs, this Drum & Bass artist is well-known for his tunes such as "Discothèque", "East Block", "Rise", "Visions", or even "Bunker". Culture Shock
54%
He is the co-founder of the Drum & Bass label Liquicity, and the current CEO of it. Some of his most famous songs are "Ghost Assasin", "Poison", "Colours". Maduk
50%
Although he does also Dubstep, his main genre is Drum & Bass. REAPER
42%
He may be a very underrated Drum & Bass artist, but he mainly does jazz-influenced liquid Drum & Bass. Winslow
42%
Although she started her career by doing UK Garage, House and Dubstep, she mainly produces Drum & Bass now. Flava D
38%
Japanese Drum & Bass producer and DJ. Currently signed at Hospital Records (a DnB label), some of his iconic songs are "Black Mist", "Ascender", "Cold Expanse", or even "What You Need". Makoto
38%
French DnB producers and DJs. They are known for their unique but gritty and aggressive Neurofunk tunes. Burr Oak
29%
Be careful, it's not about a rock band nor some weird witch house/ambient producer. He is just a Drum & Bass artist signed to the label Liquicity. Hiraeth
29%
French Drum & Bass producer and DJ. Well-known for his tunes "Journée de merde" or even "The lights on your eyes". The Caracal Project
29%
German Neurofunk producer and DJ. Mostly known for his collabs with Synergy, Mefjus, Noisia and Misanthrop. Phace
25%
She is an Irish Drum & Bass DJ. Very underground, but much appreciated in the DnB scene. Pinks
8%
No matching quizzes found
Score Distribution
Percent of People with Each Score
Percentile by Number Answered
Your Score History
You have not taken this quiz